[Event "WYCC 2018 O18"]
[Site "Halkidiki"]
[Date "2018.10.21"]
[Round "3"]
[White "Miciano, John Marvin"]
[Black "Alexakis, Dimitris"]
[Result "1/2-1/2"]
[WhiteElo "2361"]
[BlackElo "2186"]
[Annotator "NA"]
[PlyCount "122"]
[EventDate "2018.10.20"]
[EventType "swiss"]
[EventCountry "GRE"]
[SourceTitle "playchess.com"]
[Source "ChessBase"]
[SourceQuality "1"]
[TimeControl "40/5400+30:1800+30"]

1. Nf3 {[%emt 0:00:12]} Nf6 {[%emt 0:00:00]} 2. g3 {[%emt 0:00:17]} d5 {[%emt 0:01:35]} 3. Bg2 {[%emt 0:00:48]} c5 {[%emt 0:06:10]} 4. O-O {[%emt 0:00:26]} Nc6 {[%emt 0:00:21]} 5. d4 {[%emt 0:01:42]} e6 {[%emt 0:00:14]} 6. a3 {[%emt 0:01:58]} cxd4 {[%emt 0:06:18]} 7. Nxd4 {[%emt 0:00:10]} Bc5 {[%emt 0:00:43]} 8. Nf3 {[%emt 0:05:50] LiveBook: 4 Games} b5 {[%emt 0:09:19]} 9. b4 {[%emt 0:03:07]} Be7 {[%emt 0:04:31]} 10. Qd3 {[%emt 0:02:30]} a5 {[%emt 0:15:59]} 11. bxa5 {[%emt 0:14:22]} Rxa5 {[%emt 0:02:10]} 12. Nbd2 {[%emt 0:02:33]} b4 {[%emt 0:01:06]} 13. Nb3 {[%emt 0:00:24]} Ra8 {[%emt 0:08:53]} 14. Nbd4 $15 {[%emt 0:01:21]} Nxd4 {[%emt 0:06:04]} 15. Nxd4 {[%emt 0:02:44]} Qd7 {[%emt 0:03:42]} 16. Bb2 {[%emt 0:02:02]} bxa3 {[%emt 0:27:12]} 17. Bxa3 {[%emt 0:01:46]} Bxa3 {[%emt 0:02:10]} 18. Rxa3 {[%emt 0:00:53]} Rxa3 {[%emt 0:00:19]} 19. Qxa3 {[%emt 0:00:09]} Qe7 {[%emt 0:00:13]} 20. Qa2 {[%emt 0:02:28]} O-O {[%emt 0:00:58]} 21. Rb1 {[%emt 0:00:50]} Qc5 {[%emt 0:00:51]} 22. e3 {[%emt 0:01:15]} Bd7 {[%emt 0:00:32]} 23. Qb2 {[%emt 0:03:22]} Rc8 {[%emt 0:00:41]} 24. Bf1 {[%emt 0:00:59]} h6 {[%emt 0:01:13]} 25. Ba6 {[%emt 0:01:30]} Re8 {[%emt 0:00:37]} 26. Nf3 {[%emt 0:03:13]} Ba4 {[%emt 0:00:34]} 27. Bd3 {[%emt 0:00:44]} Bc6 {[%emt 0:00:29]} 28. Ne5 {[%emt 0:02:42]} Nd7 {[%emt 0:00:27]} 29. Nxd7 {[%emt 0:01:36]} Bxd7 {[%emt 0:00:02]} 30. Qe5 {[%emt 0:04:09]} Rc8 {[%emt 0:01:04]} 31. Rb7 {[%emt 0:02:21]} Be8 {[%emt 0:00:20]} 32. e4 {[%emt 0:04:16]} Qc6 {[%emt 0:00:35]} 33. Rb1 {[%emt 0:00:49]} dxe4 {[%emt 0:00:28]} 34. Bxe4 {[%emt 0:00:53]} Qc5 {[%emt 0:00:35]} 35. Qxc5 {[%emt 0:00:46]} Rxc5 {[%emt 0:00:03]} 36. Bd3 {[%emt 0:00:43]} Kf8 {[%emt 0:00:36]} 37. Kf1 {[%emt 0:00:56]} Ba4 {[%emt 0:00:33]} 38. Rb2 {[%emt 0:00:27]} Ke7 {[%emt 0:00:20]} 39. Ke2 {[%emt 0:00:09]} Bc6 {[%emt 0:00:37]} 40. Rb4 {[%emt 0:00:00]} e5 {[%emt 0:00:00]} 41. Rc4 {[%emt 0:01:43]} Kd6 {[%emt 0:04:45]} 42. Ke3 {[%emt 0:00:27]} Rxc4 {[%emt 0:11:38]} 43. Bxc4 {[%emt 0:00:08]} f6 {[%emt 0:02:51]} 44. Bd3 {[%emt 0:00:34]} Ke6 {[%emt 0:01:10]} 45. f4 {[%emt 0:00:26]} Kd6 {[%emt 0:02:17]} 46. h4 {[%emt 0:01:16]} exf4+ {[%emt 0:00:45]} 47. Kxf4 {[%emt 0:00:40]} Bd7 {[%emt 0:00:20]} 48. Bf5 {[%emt 0:02:07]} g5+ {[%emt 0:03:59]} 49. hxg5 {[%emt 0:00:27]} fxg5+ {[%emt 0:00:29]} 50. Kg4 {[%emt 0:01:05]} Be8 {[%emt 0:00:15]} 51. c4 {[%emt 0:00:57]} Ke5 {[%emt 0:00:41]} 52. Bd3 {[%emt 0:01:18]} Kf6 {[%emt 0:02:54]} 53. Kf3 {[%emt 0:00:17]} h5 {[%emt 0:00:53]} 54. Ke4 {[%emt 0:00:25]} h4 {[%emt 0:02:40]} 55. gxh4 {[%emt 0:00:21]} Bc6+ {[%emt 0:00:10]} 56. Kd4 {[%emt 0:00:18]} gxh4 {[%emt 0:00:07]} 57. Bf1 {[%emt 0:00:20]} Kg5 {[%emt 0:00:10]} 58. Ke5 {[%emt 0:00:45]} Kg4 {[%emt 0:00:08]} 59. Kd6 {[%emt 0:00:11]} Bf3 {[%emt 0:00:29]} 60. c5 {[%emt 0:00:08]} h3 {[%emt 0:00:34]} 61. Bxh3+ {[%emt 0:00:06]} Kxh3 {[%emt 0:00:06]} 1/2-1/2

[Event "WYCC 2018 O18"]
[Site "Halkidiki"]
[Date "2018.10.21"]
[Round "3"]
[White "Mitrabha, Guha"]
[Black "Lindbol, Aleksander"]
[Result "1/2-1/2"]
[WhiteElo "2352"]
[BlackElo "2166"]
[Annotator "NA"]
[PlyCount "138"]
[EventDate "2018.10.20"]
[EventType "swiss"]
[EventCountry "GRE"]
[SourceTitle "playchess.com"]
[Source "ChessBase"]
[SourceQuality "1"]
[TimeControl "40/5400+30:1800+30"]

1. d4 {[%emt 0:00:00]} Nf6 {[%emt 0:00:00]} 2. Nf3 {[%emt 0:00:11]} e6 {[%emt 0:00:22]} 3. c3 {[%emt 0:00:15]} b6 {[%emt 0:02:31]} 4. Bf4 {[%emt 0:00:23]} Bb7 {[%emt 0:00:56]} 5. e3 {[%emt 0:00:56]} Be7 {[%emt 0:02:09]} 6. Nbd2 {[%emt 0:00:08]} d6 {[%emt 0:02:19]} 7. Bd3 {[%emt 0:00:35]} Nbd7 {[%emt 0:01:33]} 8. Qe2 {[%emt 0:00:48]} a5 {[%emt 0:07:05]} 9. h4 {[%emt 0:00:41]} a4 {[%emt 0:14:53]} 10. a3 {[%emt 0:00:06]} h6 {[%emt 0:02:37]} 11. O-O-O {[%emt 0:02:17]} c5 $14 {[%emt 0:07:50]} 12. Kb1 {[%emt 0:01:17]} Qc7 {[%emt 0:01:06]} 13. e4 {[%emt 0:01:08]} O-O {[%emt 0:12:18]} 14. Bh2 {[%emt 0:12:36]} Ng4 {[%emt 0:13:06]} 15. Bg3 {[%emt 0:00:29]} Rac8 {[%emt 0:07:43]} 16. Bc2 {[%emt 0:02:34]} b5 {[%emt 0:11:19]} 17. dxc5 {[%emt 0:01:47]} Nxc5 {[%emt 0:00:33]} 18. Nd4 {[%emt 0:00:35]} Ne5 {[%emt 0:01:55]} 19. Nxb5 {[%emt 0:10:58]} Qb6 {[%emt 0:00:12]} 20. f4 {[%emt 0:00:48]} Ba6 {[%emt 0:03:07]} 21. fxe5 {[%emt 0:00:11]} Bxb5 {[%emt 0:00:08]} 22. c4 {[%emt 0:00:07]} Ba6 {[%emt 0:00:33]} 23. Qe3 {[%emt 0:00:19]} dxe5 {[%emt 0:02:56]} 24. Bxe5 {[%emt 0:00:16]} f6 {[%emt 0:00:17]} 25. Bc3 {[%emt 0:00:16]} e5 {[%emt 0:00:10]} 26. g4 {[%emt 0:00:32]} Qe6 {[%emt 0:01:39]} 27. Rdg1 {[%emt 0:04:45]} Nb3 {[%emt 0:03:01]} 28. Rg2 {[%emt 0:08:00]} Rfd8 {[%emt 0:00:41]} 29. Nxb3 {[%emt 0:05:25]} axb3 {[%emt 0:00:06]} 30. Bxb3 {[%emt 0:00:03]} Bxc4 {[%emt 0:00:15]} 31. Bxc4 {[%emt 0:00:27]} Qxc4 {[%emt 0:00:30]} 32. Rc1 {[%emt 0:00:22]} Qb3 {[%emt 0:01:19]} 33. g5 {[%emt 0:01:44]} fxg5 {[%emt 0:00:40]} 34. hxg5 {[%emt 0:00:25]} Bxg5 {[%emt 0:00:29]} 35. Rxg5 {[%emt 0:00:07]} hxg5 {[%emt 0:00:05]} 36. Qxg5 {[%emt 0:00:04]} Qe6 {[%emt 0:01:06]} 37. Rg1 {[%emt 0:00:31]} Rd7 {[%emt 0:00:08]} 38. Qg3 {[%emt 0:02:43]} Re8 {[%emt 0:00:51]} 39. Rh1 {[%emt 0:00:52]} Qb3 {[%emt 0:00:22]} 40. Bxe5 {[%emt 0:00:00]} Qxg3 {[%emt 0:00:00]} 41. Bxg3 {[%emt 0:07:38]} Rxe4 {[%emt 0:01:49]} 42. Rh5 {[%emt 0:03:31]} Rg4 {[%emt 0:05:51]} 43. Bb8 {[%emt 0:00:43]} g5 {[%emt 0:01:33]} 44. Be5 {[%emt 0:00:15]} Rh7 {[%emt 0:01:19]} 45. Rxh7 {[%emt 0:00:04]} Kxh7 {[%emt 0:00:09]} 46. b4 {[%emt 0:00:01]} Kg6 {[%emt 0:11:09]} 47. b5 {[%emt 0:00:44]} Ra4 {[%emt 0:01:10]} 48. Kb2 {[%emt 0:02:44]} Ra5 {[%emt 0:02:12]} 49. a4 {[%emt 0:00:06]} Kf5 {[%emt 0:02:36]} 50. Bc7 {[%emt 0:02:24]} Rxa4 {[%emt 0:00:12]} 51. b6 {[%emt 0:00:01]} Ke6 {[%emt 0:02:03]} 52. Kc3 {[%emt 0:00:25]} Kd7 {[%emt 0:00:34]} 53. Kd3 {[%emt 0:00:04]} Rb4 {[%emt 0:00:51]} 54. Kc3 {[%emt 0:00:06]} Ra4 {[%emt 0:00:59]} 55. Kd3 {[%emt 0:00:12]} Kc6 {[%emt 0:00:05]} 56. Ke3 {[%emt 0:00:04]} Rb4 {[%emt 0:01:27]} 57. Kf3 {[%emt 0:00:10]} Kd5 {[%emt 0:00:18]} 58. Bd8 {[%emt 0:00:27]} g4+ {[%emt 0:00:09]} 59. Kg3 {[%emt 0:00:03]} Ke6 {[%emt 0:00:09]} 60. Bc7 {[%emt 0:00:18]} Kf5 {[%emt 0:00:10]} 61. Kg2 {[%emt 0:00:08]} Rb3 {[%emt 0:04:45]} 62. Kf2 {[%emt 0:00:17]} Ke4 {[%emt 0:00:18]} 63. Kg2 {[%emt 0:00:08]} g3 {[%emt 0:01:03]} 64. Bxg3 {[%emt 0:00:06]} Rxb6 {[%emt 0:00:03]} 65. Bc7 {[%emt 0:00:15]} Rb3 {[%emt 0:00:43]} 66. Kh1 {[%emt 0:00:13]} Rb2 {[%emt 0:00:21]} 67. Bd6 {[%emt 0:00:06]} Kf3 {[%emt 0:00:11]} 68. Bc5 {[%emt 0:00:11]} Rb1+ {[%emt 0:00:29]} 69. Bg1 {[%emt 0:00:08]} Kg3 {[%emt 0:00:07]} 1/2-1/2

[Event "WYCC 2018 O18"]
[Site "Halkidiki"]
[Date "2018.10.21"]
[Round "3"]
[White "Ahmadzada, Ahmad"]
[Black "Costachi, Mihnea"]
[Result "1/2-1/2"]
[WhiteElo "2343"]
[BlackElo "2484"]
[Annotator "ChessBase"]
[PlyCount "62"]
[EventDate "2018.10.20"]
[EventType "swiss"]
[EventCountry "GRE"]
[SourceTitle "playchess.com"]
[Source "ChessBase"]
[SourceQuality "1"]
[TimeControl "40/5400+30:1800+30"]

1. e4 {[%emt 0:00:00]} e5 {[%emt 0:00:19]} 2. Nf3 {[%emt 0:00:00]} Nc6 {[%emt 0:00:03]} 3. Bb5 {[%emt 0:00:00]} a6 {[%emt 0:01:05]} 4. Bxc6 {[%emt 0:00:00]} dxc6 {[%emt 0:00:03]} 5. d4 {[%emt 0:00:00]} exd4 {[%emt 0:00:04]} 6. Qxd4 {[%emt 0:00:00]} Qxd4 {[%emt 0:00:03]} 7. Nxd4 {[%emt 0:00:07]} Bd7 {[%emt 0:00:05]} 8. Nc3 {[%emt 0:00:52]} O-O-O {[%emt 0:00:06]} 9. Be3 {[%emt 0:00:26]} Ne7 {[%emt 0:01:21]} 10. O-O-O {[%emt 0:00:24]} Ng6 {[%emt 0:00:53]} 11. f3 {[%emt 0:06:36]} f6 {[%emt 0:10:57]} 12. Nde2 {[%emt 0:17:27]} Bd6 {[%emt 0:07:23]} 13. Rd2 {[%emt 0:03:01]} h5 {[%emt 0:02:48]} 14. h4 {[%emt 0:04:16]} Kb8 {[%emt 0:33:30]} 15. Bf2 {[%emt 0:03:02]} Nf4 {[%emt 0:03:11]} 16. Bg3 {[%emt 0:03:50]} Nxe2+ {[%emt 0:00:31]} 17. Nxe2 {[%emt 0:00:08]} Bc5 {[%emt 0:01:37]} 18. Nd4 {[%emt 0:01:22]} Rde8 {[%emt 0:05:33]} 19. Kb1 {[%emt 0:00:42]} Bc8 {[%emt 0:02:24]} 20. Rhd1 {[%emt 0:01:05]} g5 {[%emt 0:01:28]} 21. Nf5 {[%emt 0:02:46]} g4 {[%emt 0:01:49]} 22. Nd4 {[%emt 0:02:20]} gxf3 {[%emt 0:00:40]} 23. gxf3 {[%emt 0:00:09]} Rhg8 {[%emt 0:00:17]} 24. Bf4 {[%emt 0:00:36]} Bh3 {[%emt 0:03:27]} 25. c3 {[%emt 0:01:10]} Rg2 {[%emt 0:02:48]} 26. Rxg2 {[%emt 0:03:53]} Bxg2 {[%emt 0:00:01]} 27. Rd2 {[%emt 0:01:17]} Rg8 {[%emt 0:03:28]} 28. e5 {[%emt 0:02:24]} fxe5 {[%emt 0:01:28]} 29. Bxe5 {[%emt 0:00:05]} Bxd4 {[%emt 0:07:43]} 30. Rxd4 {[%emt 0:00:14]} Bxf3 {[%emt 0:00:21]} 31. Rd7 {[%emt 0:01:25]} Be4+ {[%emt 0:03:59]} 1/2-1/2

[Event "WYCC 2018 O18"]
[Site "Halkidiki"]
[Date "2018.10.21"]
[Round "3"]
[White "Ranaldi, Lucas"]
[Black "Jain, Gautam"]
[Result "1-0"]
[WhiteElo "2335"]
[BlackElo "1905"]
[Annotator "ChessBase"]
[PlyCount "111"]
[EventDate "2018.10.20"]
[EventType "swiss"]
[EventCountry "GRE"]
[SourceTitle "playchess.com"]
[Source "ChessBase"]
[SourceQuality "1"]
[TimeControl "40/5400+30:1800+30"]

1. c4 {[%emt 0:00:00]} Nf6 {[%emt 0:00:00]} 2. g3 {[%emt 0:02:38]} g6 {[%emt 0:00:00]} 3. Bg2 {[%emt 0:00:05]} Bg7 {[%emt 0:00:00]} 4. d4 {[%emt 0:00:28]} O-O {[%emt 0:00:00]} 5. Nf3 {[%emt 0:00:26]} d6 {[%emt 0:00:05]} 6. O-O {[%emt 0:00:08]} c6 {[%emt 0:00:05]} 7. Nc3 {[%emt 0:00:21]} Qa5 {[%emt 0:00:13]} 8. e4 {[%emt 0:00:56]} e5 {[%emt 0:00:11]} 9. d5 {[%emt 0:01:08]} cxd5 {[%emt 0:01:52]} 10. cxd5 {[%emt 0:00:28]} Na6 11. Nd2 {[%emt 0:08:38]} Ne8 {[%emt 0:16:21]} 12. a3 {[%emt 0:04:06]} Bd7 {[%emt 0:03:02]} 13. Nb3 {[%emt 0:07:20]} Qd8 {[%emt 0:01:48]} 14. Be3 {[%emt 0:00:45]} f5 {[%emt 0:04:17]} 15. f3 {[%emt 0:05:44]} Nf6 {[%emt 0:13:27]} 16. Kh1 {[%emt 0:01:18]} f4 {[%emt 0:14:43]} 17. Bf2 {[%emt 0:19:47]} Bh6 {[%emt 0:10:17]} 18. Qe2 Bg5 {[%emt 0:07:45]} 19. Nb5 {[%emt 0:16:48]} Ne8 {[%emt 0:10:57]} 20. a4 {[%emt 0:09:40]} h5 {[%emt 0:03:36]} 21. Rg1 {[%emt 0:05:50]} Qf6 {[%emt 0:05:52]} 22. gxf4 {[%emt 0:03:23]} Bxf4 23. Nc1 {[%emt 0:03:13]} Nb4 {[%emt 0:01:40]} 24. Nd3 {[%emt 0:03:06]} Nxd3 {[%emt 0:00:08]} 25. Qxd3 {[%emt 0:00:02]} Kh7 {[%emt 0:03:39]} 26. Nc3 {[%emt 0:03:25]} h4 {[%emt 0:01:01]} 27. Bf1 {[%emt 0:01:28]} Ng7 {[%emt 0:01:03]} 28. Ne2 {[%emt 0:01:12]} Bh6 {[%emt 0:00:40]} 29. Ra3 {[%emt 0:01:01]} Nh5 {[%emt 0:00:18]} 30. Qd1 {[%emt 0:00:40]} b6 31. Qe1 {[%emt 0:00:48]} Bg5 {[%emt 0:01:39]} 32. Rxg5 {[%emt 0:00:01]} Qxg5 {[%emt 0:00:05]} 33. Bxh4 {[%emt 0:00:09]} Qh6 34. Be7 {[%emt 0:00:01]} Rfe8 {[%emt 0:01:39]} 35. Bxd6 {[%emt 0:00:51]} Nf4 {[%emt 0:00:05]} 36. Nxf4 {[%emt 0:01:07]} Qxf4 {[%emt 0:00:49]} 37. Bb4 {[%emt 0:00:48]} Qf6 {[%emt 0:00:19]} 38. Bd2 {[%emt 0:00:30]} Rac8 {[%emt 0:00:44]} 39. Be2 {[%emt 0:00:00]} Kg7 40. a5 b5 {[%emt 0:00:00]} 41. Rc3 {[%emt 0:10:55]} Rxc3 {[%emt 0:09:37]} 42. Bxc3 {[%emt 0:00:03]} g5 {[%emt 0:01:13]} 43. Qg1 {[%emt 0:02:22]} a6 {[%emt 0:05:02]} 44. Bd2 {[%emt 0:03:48]} Kg6 {[%emt 0:00:05]} 45. h4 {[%emt 0:02:57]} g4 46. Bg5 {[%emt 0:02:37]} Qd6 {[%emt 0:02:21]} 47. fxg4 {[%emt 0:01:38]} Qb4 {[%emt 0:05:10]} 48. Qb6+ {[%emt 0:01:47]} Re6 {[%emt 0:05:52]} 49. dxe6 {[%emt 0:06:00]} Qxe4+ {[%emt 0:01:49]} 50. Kg1 {[%emt 0:00:19]} Bc6 {[%emt 0:00:23]} 51. Bd3 {[%emt 0:00:36]} Qxd3 {[%emt 0:00:17]} 52. Qxc6 {[%emt 0:00:09]} Qd4+ {[%emt 0:02:19]} 53. Kh2 {[%emt 0:00:58]} Qxb2+ {[%emt 0:00:25]} 54. Qg2 {[%emt 0:00:25]} Qc3 {[%emt 0:00:29]} 55. e7 {[%emt 0:00:26]} Qc8 {[%emt 0:00:32]} 56. Qe4+ {[%emt 0:00:14]} 1-0

[Event "WYCC 2018 O18"]
[Site "Halkidiki"]
[Date "2018.10.21"]
[Round "3"]
[White "Wang, Shixu B"]
[Black "Gholami, Aryan"]
[Result "1-0"]
[WhiteElo "2330"]
[BlackElo "2493"]
[Annotator "TA"]
[PlyCount "63"]
[EventDate "2018.10.20"]
[EventType "swiss"]
[EventCountry "GRE"]
[SourceTitle "playchess.com"]
[Source "ChessBase"]
[SourceQuality "1"]

{[%evp 19,63,16,27,-2,18,7,15,0,0,0,2,4,23,32,44,41,81,80,183,195,185,181,245,62,602,595,566,527,525,525,518,509,489,486,504,478,669,652,694,686,991,975,29997,29998,29998,29999]} 1. d4 Nf6 2. c4 g6 3. Nc3 d5 4. Bg5 Ne4 5. Bh4 Nxc3 6. bxc3 dxc4 7. e3 Be6 8. Be2 Bg7 9. Nf3 O-O 10. O-O c5 11. Rb1 {D91: Grünfeld: 4 Nf3 Bg7 5 Bg5} b6 (11... cxd4 12. Nxd4 Bd5 13. Qc2 Qd7 14. e4 Bc6 15. Bxc4 b6 16. Rbd1 Ba4 17. Bb3 Bxb3 18. axb3 Qb7 {½-½ (41) Vachier Lagrave,M (2751)-Volokitin,A (2627) Doha 2014}) 12. dxc5 {Black should prevent Qxd8.} Nd7 {[%cal Bb8d7,Bd7f6,Bf6e4][%mdl 32]} 13. c6 {The position is equal.} Nf6 14. Nd4 {Strongly threatening Bxf6.} Bd5 15. Bf3 {[#]} Ne4 $146 ({Predecessor:} 15... Rc8 16. Bg3 Ne4 17. Nb5 Nxg3 18. hxg3 Bxf3 19. Qxf3 {1-0 (55) Delchev,A (2625)-Le Roux,J (2512) France 2010}) 16. Qc2 $36 {[%mdl 2048] White has the initiative.} f5 17. Rfd1 {aiming for Rb5.} Qd6 {[#]} 18. Bg3 $1 {[%cal Rg3d6]} e5 {[#]} (18... Be5 $16) 19. Nxf5 $1 $18 {[%mdl 512]} gxf5 (19... Rxf5 20. Bxe4) 20. Rb5 Rad8 (20... Qxc6 $142 21. Rbxd5 Ng5) 21. c7 $2 ({Inferior is} 21. Rdxd5 Qxc6 22. Bxe4 fxe4 $14) (21. Rbxd5 $18 Qxd5 22. Rxd5 Rxd5 23. Bxe4 fxe4 24. Qe2) 21... Rd7 $2 {[%mdl 8192]} (21... Qxc7 $14 22. Rbxd5 Rxd5 23. Rxd5 Nxg3) 22. Rbxd5 Qxd5 23. Rxd5 Rxd5 24. Bxe4 fxe4 25. Bh4 Rc8 26. Bd8 Rd3 27. Kf1 b5 28. Qb2 a6 29. Qa3 {Threatens to win with Qe7.} Ra8 30. Qe7 {White wants to mate with Qe6+.} b4 31. Qe6+ Kf8 32. Be7+ {Precision: White = 80%, Black = 15%.} 1-0

[Event "WYCC 2018 O18"]
[Site "Halkidiki"]
[Date "2018.10.21"]
[Round "3"]
[White "Pantzar, Milton"]
[Black "Jimenez Ramallo, Francisco J"]
[Result "1/2-1/2"]
[WhiteElo "2326"]
[BlackElo "2073"]
[Annotator "ChessBase"]
[PlyCount "112"]
[EventDate "2018.10.20"]
[EventType "swiss"]
[EventCountry "GRE"]
[SourceTitle "playchess.com"]
[Source "ChessBase"]
[SourceQuality "1"]
[TimeControl "40/5400+30:1800+30"]

1. d4 {[%emt 0:00:00]} d5 {[%emt 0:00:00]} 2. c4 {[%emt 0:00:00]} c6 {[%emt 0:00:00]} 3. Nc3 {[%emt 0:06:37]} Nf6 {[%emt 0:00:00]} 4. Nf3 {[%emt 0:01:36]} dxc4 {[%emt 0:00:00]} 5. a4 {[%emt 0:01:52]} Bf5 {[%emt 0:00:07]} 6. Ne5 {[%emt 0:02:10]} Nbd7 {[%emt 0:00:13]} 7. Nxc4 {[%emt 0:00:29]} Qc7 {[%emt 0:00:16]} 8. g3 {[%emt 0:12:25]} e5 {[%emt 0:00:10]} 9. dxe5 {[%emt 0:01:12]} Nxe5 {[%emt 0:00:07]} 10. Bf4 {[%emt 0:04:20]} Nfd7 {[%emt 0:00:10]} 11. Qc1 {[%emt 0:13:30]} f6 {[%emt 0:08:09]} 12. Bg2 {[%emt 0:06:00]} Be6 {[%emt 0:37:58]} 13. Ne3 {[%emt 0:05:04]} Bc5 {[%emt 0:06:09]} 14. O-O {[%emt 0:03:22]} g5 {[%emt 0:04:42]} 15. Bxe5 {[%emt 0:02:44]} Qxe5 {[%emt 0:00:18]} 16. Ne4 {[%emt 0:05:36]} Be7 {[%emt 0:08:42]} 17. Nc4 {[%emt 0:03:24]} Qc7 {[%emt 0:01:38]} 18. Rd1 {[%emt 0:07:52]} O-O {[%emt 0:04:07]} 19. Ne3 {[%emt 0:10:41]} f5 {[%emt 0:04:44]} 20. Nd2 {[%emt 0:02:22]} Rac8 {[%emt 0:09:49]} 21. Nf3 {[%emt 0:01:01]} Ne5 {[%emt 0:06:22]} 22. Nd4 {[%emt 0:01:09]} Bd7 {[%emt 0:00:01]} 23. Qc2 {[%emt 0:02:49]} f4 {[%emt 0:01:55]} 24. Nef5 {[%emt 0:01:00]} Bxf5 {[%emt 0:01:57]} 25. Nxf5 {[%emt 0:00:04]} Kh8 {[%emt 0:02:45]} 26. Nd4 {[%emt 0:01:49]} Rf6 {[%emt 0:01:22]} 27. Qb3 {[%emt 0:02:01]} Ng4 {[%emt 0:01:01]} 28. Bh3 {[%emt 0:01:42]} h5 {[%emt 0:00:01]} 29. Qc3 {[%emt 0:01:00]} fxg3 {[%emt 0:00:50]} 30. hxg3 {[%emt 0:00:27]} Nxf2 {[%emt 0:00:46]} 31. Bxc8 {[%emt 0:00:21]} Nxd1 {[%emt 0:00:26]} 32. Rxd1 {[%emt 0:00:09]} Qxc8 {[%emt 0:00:12]} 33. Rd3 {[%emt 0:00:57]} Kh7 {[%emt 0:00:44]} 34. Re3 {[%emt 0:00:32]} Qf8 {[%emt 0:00:30]} 35. Nf3 {[%emt 0:00:34]} Bc5 {[%emt 0:00:40]} 36. Kg2 {[%emt 0:00:35]} Bxe3 {[%emt 0:00:12]} 37. Qxe3 {[%emt 0:00:04]} Kh8 {[%emt 0:00:37]} 38. Qxg5 {[%emt 0:00:16]} Qf7 {[%emt 0:00:30]} 39. Qe5 {[%emt 0:01:00]} Kg8 {[%emt 0:00:29]} 40. Qd4 {[%emt 0:00:00]} Qe6 {[%emt 0:00:00]} 41. Qd8+ {[%emt 0:07:53]} Kg7 {[%emt 0:03:20]} 42. Qd2 {[%emt 0:01:35]} Qd5 {[%emt 0:08:30]} 43. Qc3 {[%emt 0:00:33]} Qe4 {[%emt 0:02:00]} 44. Qd2 {[%emt 0:00:31]} Rg6 {[%emt 0:05:55]} 45. Qd7+ {[%emt 0:03:59]} Kh6 {[%emt 0:00:09]} 46. Kf2 {[%emt 0:00:44]} Qg4 {[%emt 0:04:43]} 47. Qc7 {[%emt 0:01:13]} Rg7 {[%emt 0:00:14]} 48. Qe5 {[%emt 0:03:10]} c5 {[%emt 0:02:10]} 49. a5 {[%emt 0:01:33]} Kh7 {[%emt 0:01:33]} 50. Qd6 {[%emt 0:01:27]} c4 {[%emt 0:01:13]} 51. Qe5 {[%emt 0:01:23]} b5 {[%emt 0:00:53]} 52. axb6 {[%emt 0:00:02]} axb6 {[%emt 0:00:10]} 53. Kf1 {[%emt 0:00:46]} Qg6 {[%emt 0:03:12]} 54. Qd5 {[%emt 0:02:08]} Re7 {[%emt 0:03:09]} 55. Kf2 {[%emt 0:02:06]} Rg7 {[%emt 0:00:38]} 56. Kf1 {[%emt 0:00:13]} Re7 {[%emt 0:00:44]} 1/2-1/2

[Event "WYCC 2018 O18"]
[Site "Halkidiki"]
[Date "2018.10.21"]
[Round "3"]
[White "Banzea, Alexandru-Bogdan"]
[Black "Parvanyan, Ashot"]
[Result "0-1"]
[WhiteElo "2313"]
[BlackElo "2428"]
[Annotator "TA"]
[PlyCount "76"]
[EventDate "2018.10.20"]
[EventType "swiss"]
[EventCountry "GRE"]
[SourceTitle "playchess.com"]
[Source "ChessBase"]
[SourceQuality "1"]

{[%evp 26,76,36,36,39,42,55,38,43,35,66,65,85,81,89,18,18,-20,-19,-8,-2,-106,-100,-105,-96,-94,-82,-92,-74,-104,-34,-177,-146,-166,-106,-554,-512,-503,-537,-511,-499,-790,-805,-657,-748,-655,-624,-1031,-955,-12511,-12237,-5575,-5310]} 1. e4 e5 2. Nf3 Nc6 3. Bb5 g6 4. c3 a6 5. Ba4 d6 6. d4 Bd7 7. O-O Bg7 8. Re1 Nge7 9. d5 Nb8 10. Bxd7+ {C76: Ruy Lopez: Deferred Steinitz: 5 c3 Bd7 6 d4 g6} Nxd7 11. Be3 h6 12. Nfd2 O-O (12... f5 13. f3 f4 14. Bf2 g5 15. c4 h5 16. Nc3 Bf6 17. b4 Rg8 {0-1 (36) Ni,H (2671)-McShane,L (2640) Riadh 2017}) 13. c4 f5 14. f3 {LiveBook: 10 Games} f4 15. Bf2 g5 16. Nc3 h5 17. b4 Rf7 $146 ({Predecessor:} 17... Nf6) 18. c5 Nf6 19. Nc4 Ng6 20. cxd6 (20. Rb1 $16) 20... cxd6 $11 21. Nb6 Rb8 22. a4 g4 {...g3! is the strong threat.} 23. a5 (23. Kh1 $1 $11) 23... g3 $1 $17 24. hxg3 fxg3 25. Bxg3 h4 26. Bh2 Nh5 {[%mdl 1024] Black has strong compensation.} 27. Ne2 Bh6 ({Better is} 27... h3 $1 $17 28. g4 (28. Ng3 $2 Qg5 $19) 28... Rxf3) 28. Ra3 (28. Nc4 $1 $15) 28... Rg7 $1 $19 29. Nc4 {[#]} Rc8 $1 {[%cal Rc8c4]} 30. Ne3 $2 {[%mdl 8192]} (30. Rc3 $17 {is a better chance.}) 30... Bxe3+ $1 {Black is clearly winning.} 31. Rxe3 {[#]} Qg5 $1 32. Qd2 h3 {[%csl Gh3][%cal Rg5g2]} 33. g4 {[#]} (33. g3 $142 Nh4 34. Rf1) 33... Rc2 $3 {[%cal Rc2d2][%mdl 512]} 34. Qd3 (34. Qxc2 Qxe3+) 34... Rgc7 ({Less strong is} 34... Qh4 35. Rf1 $17) 35. Kh1 Nhf4 36. Nxf4 Nxf4 (36... exf4 $2 37. R3e2 $19) 37. Bxf4 Qxf4 {[%csl Gc2][%cal Rf4h2]} 38. R3e2 R7c3 {Precision: White = 28%, Black = 75%.} 0-1